000
00333nam a2200145Ia 4500
100
_a
Lipschutz/Seymour
650
_a
Finite mathematics
942
_c
BK
245
_a
Begining Finite Mathematics:Schaums
260
_b
Tata McGraw Hil
_c
2005
082
_a
510
_b
LIP
300
_a
349
546
_a
ENGLISH
_c
production
999
_c
31014
_d
31014